Contribuciones al quinto seminario de ingeniería estructural, San José, Costa Rica, 22-24 de noviembre, 1990.
Guardat en:
| Altres autors: | , , |
|---|---|
| Format: | Llibre |
| Publicat: |
[San José, Costa Rica] : Universidad de Costa Rica, Facultad de Ingeniería, Instituto de Investigaciones en Ingeniería, Laboratorio de Ingeniería Sísmica
1990
|
| Matèries: | |
| Etiquetes: |
Afegir etiqueta
Sense etiquetes, Sigues el primer a etiquetar aquest registre!
|
MARC
| LEADER | 00000nam a2200000Ia 4500 | ||
|---|---|---|---|
| 003 | 003876 | ||
| 005 | 20240429111613.0 | ||
| 008 | 140116s1990 c a 000 ||s d | ||
| 040 | |c cru CEDI | ||
| 082 | |a 624.176.2 C764c | ||
| 245 | |a Contribuciones al quinto seminario de ingeniería estructural, San José, Costa Rica, 22-24 de noviembre, 1990. | ||
| 260 | |a [San José, Costa Rica] : Universidad de Costa Rica, Facultad de Ingeniería, Instituto de Investigaciones en Ingeniería, Laboratorio de Ingeniería Sísmica |c 1990 | ||
| 300 | |a [76] hojas : ilustraciones ; 28 cm. | ||
| 500 | |a Reporte; INII-56-90 | ||
| 650 | |x VULNERABILIDAD SISMICA |x DISEÑO DE ESTRUCTURAS |x CONSTRUCCIONES ANTISISMICAS |9 18170 | ||
| 700 | |9 18168 |a Fernández, Carlos | ||
| 700 | |9 18169 |a Matamoros, Adolfo | ||
| 700 | |9 14394 |a Vargas Monge, William | ||
| 942 | |c LIBRO |h 624.176.2 C764c |i 003876 |2 ddc |6 624_176000000000000_2_C764C_003876 | ||
| 999 | |c 13352 |d 13352 | ||
